| 000 | 00000nam##2200000za#4500 |
| 001 | 9.644071 |
| 003 | CaOODSP |
| 005 | 20210624224455 |
| 007 | cr ||||||||||| |
| 008 | 150407|1993||||xxc|||||o f|0| 0 fre|d |
| 040 | |aCaOODSP|bfre |
| 043 | |an-cn--- |
| 086 | 1 |aEn108-3/1-62F-PDF |
| 110 | 1 |aCanada.|bConseil canadien des ministres de l'environnement. |
| 245 | 10|aGuide pour l'échantillonnage, l'analyse des échantillons et la gestion des données des lieux contaminés. Volume I : |h[ressource électronique]|brapport principal / |c[par] Programme national d'assainissement des lieux contaminés. |
| 260 | |aWinnipeg - Manitoba : |bConseil canadien des ministres de l'environnement |cDécembre 1993. |
| 300 | |a100p.|bglossaire, références, tableaux |
| 500 | |a[Édition numérisée de l'imprimé]. |
| 590 | |a14-22-Supp|b2014-12-24 |
| 691 | 07|aPollution des sols|2gcpds |
| 775 | 08|tGuidance manual on sampling, analysis, and data management for contaminated sites. Volume I : |w(CaOODSP)9.700166 |
| 856 | 40|ahttp://publications.gc.ca|qPDF|s6.88 Mo|uhttps://publications.gc.ca/collections/collection_2014/ccme/En108-3-1-62-fra.pdf |